| 000 | 05215cam a22017654i 4500 | ||
|---|---|---|---|
| 003 | PE-LiUPU | ||
| 005 | 20250813165337.0 | ||
| 008 | 160307s spad r 000 0 spa d | ||
| 020 | _a9788445416310 | ||
| 020 | _a8445416316 | ||
| 035 | _a(Sirsi) a156410 | ||
| 082 | 0 | 4 |
_a614.33 _bG3 |
| 100 | 1 |
_aCabo Salvador, Oscar, _eautor. |
|
| 245 |
_aGestión sanitaria integral:pública y privada / _cdirector de la obra, Javier Cabo Salvador. |
||
| 264 |
_aMadrid : _bCentro de Estudios Financieros, _c2010. |
||
| 300 |
_a1006 páginas : _bilustraciiones ; _c24 centímetros |
||
| 336 |
_atext _2rdacontent |
||
| 337 |
_a unmediated _2rdamedia |
||
| 338 |
_avolume _2rdacarrier |
||
| 505 | 0 | _aPresentación -- Nómina de autores -- Prólogo -- Sistemas de salud y reformas sanitarias en España, Canadá y Estados Unidos -- Estructura organizativa, financiación, gasto, provisión de servicios y desarrollo de los sistemas sanitarios en los países de la Comunidad Económica Europea -- Organizaciones sanitarias -- Fórmulas jurídicas y nuevas herramientas y formas de gestión en las organizaciones sanitarias -- Integración de niveles asistenciales. La gestión única es posible- ¨La experiencia de Puertollano¨ -- Métodos de evaluación económica para la toma de decisiones en el sector sanitario -- Gestión por competencias -- ¿Gestuón de la calidad? o ¿calidad en la gestión? Enfoque basado en procesos -- Gestión de operaciones logísticas en el aprovisionamiento sanitario -- Sistemas de ajustes de riesgos. Gestión pro procesos y bench-marking -- Enfoques para la implantación de una historia de salud a nivel regional/nacional -- Telemedicina y sistemas de información sanitaria.TIC -- Gestión privada e interface público-privado en sanidad- Los seguros de salud en España -- Gestión de la investigación biomédica en un hospital -- Investigación traslacional -- Bioética y Derecho sanitario -- Pautas éticas internacionales y evaluación económica en la investigación biomédica -- Prevención de riesgos laborales en el sector sanitario. | |
| 526 | _aP203 | ||
| 526 | _aP200 | ||
| 526 | _aSEG65 | ||
| 526 | _aSEG64 | ||
| 526 | _aSEG63 | ||
| 526 | _aSEG62 | ||
| 526 | _aSEG61 | ||
| 526 | _aSEG60 | ||
| 526 | _aSEG59 | ||
| 526 | _aSEG58 | ||
| 526 | _aSEG57 | ||
| 526 | _aSEG56 | ||
| 526 | _aSEG55 | ||
| 526 | _aSEG54 | ||
| 526 | _aSEG53 | ||
| 526 | _aSEG52 | ||
| 526 | _aSEG51 | ||
| 526 | _aSEG50 | ||
| 526 | _aSEG49 | ||
| 526 | _aSEG48 | ||
| 526 | _aSEG47 | ||
| 526 | _aSEG46 | ||
| 526 | _aSEG24 | ||
| 526 | _aSEG23 | ||
| 526 | _aSEG22 | ||
| 526 | _aSEG21 | ||
| 526 | _aSEG20 | ||
| 526 | _aSEG19 | ||
| 526 | _aSEG18 | ||
| 526 | _aSEG17 | ||
| 526 | _aSEG16 | ||
| 526 | _aSEG14 | ||
| 526 | _aSEG13 | ||
| 526 | _aSEG12 | ||
| 526 | _aSEG11 | ||
| 526 | _aSEG10 | ||
| 526 | _aSEG09 | ||
| 526 | _aSEG06 | ||
| 526 | _aSEG05 | ||
| 526 | _aSEG04 | ||
| 526 | _aSEG03 | ||
| 526 | _aSEG02 | ||
| 526 | _aSEG68 | ||
| 526 | _aSEG66 | ||
| 526 | _aSEG45 | ||
| 526 | _aSEG25 | ||
| 526 | _aSEG01 | ||
| 526 | _aP163 | ||
| 526 | _aP162 | ||
| 526 | _aP161 | ||
| 526 | _aP160 | ||
| 526 | _aP159 | ||
| 526 | _aP158 | ||
| 526 | _aP157 | ||
| 526 | _aP156 | ||
| 526 | _aP155 | ||
| 526 | _aP154 | ||
| 526 | _aP153 | ||
| 526 | _aP152 | ||
| 526 | _aP151 | ||
| 526 | _aP150 | ||
| 526 | _aP149 | ||
| 526 | _aP142 | ||
| 526 | _aP141 | ||
| 526 | _aP140 | ||
| 526 | _aP139 | ||
| 526 | _aP138 | ||
| 526 | _aP137 | ||
| 526 | _aP132 | ||
| 526 | _aP131 | ||
| 526 | _aP130 | ||
| 526 | _aP126 | ||
| 526 | _aP125 | ||
| 526 | _aP124 | ||
| 526 | _aP123 | ||
| 526 | _aP115 | ||
| 526 | _aP122 | ||
| 526 | _aP121 | ||
| 526 | _aP116 | ||
| 526 | _a P114 | ||
| 526 | _aP112 | ||
| 526 | _aP111 | ||
| 526 | _aP104 | ||
| 526 | _aP103 | ||
| 526 | _aP102 | ||
| 526 | _aP101 | ||
| 526 | _aP100 | ||
| 526 | _aP96 | ||
| 526 | _aP95 | ||
| 526 | _aP93 | ||
| 526 | _aP92 | ||
| 526 | _aP91 | ||
| 526 | _aP88 | ||
| 526 | _aP83 | ||
| 526 | _aP82 | ||
| 526 | _aP79 | ||
| 526 | _aP78 | ||
| 526 | _aP75 | ||
| 526 | _aP74 | ||
| 526 | _aP71 | ||
| 526 | _aP69 | ||
| 526 | _a P51 | ||
| 526 | _aP49 | ||
| 526 | _aP48 | ||
| 526 | _aP47 | ||
| 526 | _aP33 | ||
| 526 | _aP31 | ||
| 526 | _a P30 | ||
| 526 | _aP29 | ||
| 526 | _aP27 | ||
| 526 | _aP26 | ||
| 526 | _aP25 | ||
| 526 | _aP24 | ||
| 526 | _a P22 | ||
| 526 | _aP10 | ||
| 526 | _aP09 | ||
| 526 | _a P08 | ||
| 526 | _aP06 | ||
| 526 | _aP05 | ||
| 526 | _aP04 | ||
| 526 | _aP01 | ||
| 650 | 0 | 4 |
_aServicios de salud _xAdministración |
| 650 | 0 | 4 | _aSistema nacional de salud |
| 700 | 1 | _aCabo Salvador, Javier | |
| 942 |
_2ddc _cBOOK |
||
| 949 |
_a614.33 _wDEWEY _c1 _i72874 _lCCODEBUL1 _mBUL _p117.24 _r0 _sY _tBOOK _u2016-04-05 _o.STAFF.Coleción General _0Compra. |
||
| 596 | _a1 | ||
| 999 |
_a614.33 G3 _wDEWEY _c9092 _i72874 _d9092 _e2018-6-15 _f2021-11-4 _g5 _lCCODEBUL1 _mBUL _n1 _p117.24 _q1 _r0 _sY _tBOOK _u2016-3-7 _xSALUD _PP69 _0COMPRA _o.CIRCNOTE. Documento de alto precio. _o.STAFF. Colección General |
||
| 980 |
_81 _gALBERTO SANCHEZ Responsable de Automatización |
||